Estrategia para el desarrollo deportivo escolar a partir de la organización deportiva
Spremljeno u:
| Glavni autori: | , |
|---|---|
| Format: | Knjiga |
| Jezik: | španjolski |
| Izdano: |
Santiago
Digeder
1999
|
| Serija: | Unidad Formación para el Deporte
|
| Teme: | |
| Oznake: |
Dodaj oznaku
Bez oznaka, Budi prvi tko označuje ovaj zapis!
|
MARC
| LEADER | 00000nam a2200000 a 4500 | ||
|---|---|---|---|
| 001 | UCO6563 | ||
| 003 | CL-VaPUC | ||
| 008 | 001027e19990000CL |||||||||||||||||spa|d | ||
| 082 | 0 | 4 | |a 372.86 |b TAP |2 21 |
| 100 | 0 | |a Tapia Marín, Santiago |e author |9 451291 | |
| 700 | 0 | |a Dreyse Pizarro, Luis |e author |9 451292 | |
| 245 | 1 | 0 | |a Estrategia para el desarrollo deportivo escolar a partir de la organización deportiva |
| 300 | |a 156 p | ||
| 942 | |c BK | ||
| 945 | |d 20001027 00:00:00 |a vberengu | ||
| 260 | |a Santiago |b Digeder |c 1999 | ||
| 650 | 0 | |a Actividades culturales |9 335506 | |
| 650 | 7 | |a CLUBES DEPORTIVOS |2 CL-VaPUC |9 425074 | |
| 650 | 7 | |a DEPORTES ESCOLARES |2 CL-VaPUC |9 308388 | |
| 650 | 0 | |a Educación física |9 240893 | |
| 650 | 7 | |a INSTALACIONES DEPORTIVAS |2 CL-VaPUC |9 451294 | |
| 650 | 0 | |a Planificación de la educación |9 307333 | |
| 583 | |a last modification |c 20001027 00:00:00 |k Rodrigo Vera | ||
| 490 | 0 | |a Unidad Formación para el Deporte | |
| 999 | |c 292049 |d 292047 | ||
| 952 | |0 0 |1 0 |4 0 |6 372_860000000000000_TAP_1999 |7 0 |8 A |9 342577 |a BIBEDU |b BIBEDU |d 2019-11-20 |i 3663620 |o 372.86 TAP 1999 |p 3663620 |r 2019-11-20 |w 2019-11-20 |y BK |k BME | ||
| 952 | |0 0 |1 0 |4 0 |6 372_860000000000000_TAP_1999 |7 0 |8 A |9 342578 |a BIBEDU |b BIBEDU |d 2019-11-20 |i 3659836 |o 372.86 TAP 1999 |p 3659836 |r 2019-11-20 |w 2019-11-20 |y BK |k BME | ||
| 952 | |0 0 |1 0 |4 0 |6 372_860000000000000_TAP_1999 |7 0 |8 A |9 342579 |a BIBEDU |b BIBEDU |d 2019-11-20 |i 3683354 |o 372.86 TAP 1999 |p 3683354 |r 2019-11-20 |w 2019-11-20 |y BK |k EDU | ||